00616 2200181 4500001002100000005001700021008004100038035002400079082000800103090001500111100002100126245012500147260006200272300002800334504003000362650002400392990001800416YOGYA-0313000000021420130311105158.0 ind  0010-031300000000214 a004 aSK 004 Pen aOMAN FATHUROHMAN aPenerapan dan pengelolaan teknologi informasi UIN Sunan Kalijaga YOgyakartactim peneliti Oman Fathurohman SW...(et-al). bYogyakarta: Universitas Islam Negeri Sunan Kalijagac2006 aII, 113(2) lbr.;c29 cm aBibliografi: lbr.114-115. aTeknologi Informasi a44526-PD/A.12